<?xml version="1.0" encoding="UTF-8"?>
<marc:record xmlns:marc="http://www.loc.gov/MARC21/slim">
   <marc:leader>00000nam a2200000 a 4500</marc:leader>
   <marc:datafield ind1="1" ind2=" " tag="100">
      <marc:subfield code="a">Brauner, Alice</marc:subfield>
      <marc:subfield code="4">aut</marc:subfield>
      <marc:subfield code="e">Verfasser/-in</marc:subfield>
   </marc:datafield>
   <marc:datafield ind1="1" ind2=" " tag="100">
      <marc:subfield code="a">Gronemeier, Heike</marc:subfield>
      <marc:subfield code="4">aut</marc:subfield>
      <marc:subfield code="e">Verfasser/-in</marc:subfield>
   </marc:datafield>
   <marc:datafield ind1=" " ind2=" " tag="653">
      <marc:subfield code="a">Biografie</marc:subfield>
   </marc:datafield>
   <marc:datafield ind1=" " ind2=" " tag="653">
      <marc:subfield code="a">kunst</marc:subfield>
   </marc:datafield>
   <marc:datafield ind1=" " ind2=" " tag="653">
      <marc:subfield code="a">sindelsdorf</marc:subfield>
   </marc:datafield>
   <marc:datafield ind1=" " ind2=" " tag="653">
      <marc:subfield code="a">heinrich campendonk</marc:subfield>
   </marc:datafield>
   <marc:datafield ind1=" " ind2=" " tag="653">
      <marc:subfield code="a">malweiber</marc:subfield>
   </marc:datafield>
   <marc:datafield ind1=" " ind2=" " tag="653">
      <marc:subfield code="a">weibliche selbstbestimmung</marc:subfield>
   </marc:datafield>
   <marc:datafield ind1=" " ind2=" " tag="653">
      <marc:subfield code="a">bohème</marc:subfield>
   </marc:datafield>
   <marc:datafield ind1=" " ind2=" " tag="653">
      <marc:subfield code="a">künstlerinnen</marc:subfield>
   </marc:datafield>
   <marc:datafield ind1=" " ind2=" " tag="653">
      <marc:subfield code="a">münchen</marc:subfield>
   </marc:datafield>
   <marc:datafield ind1=" " ind2=" " tag="653">
      <marc:subfield code="a">bruch mit konventionen</marc:subfield>
   </marc:datafield>
   <marc:datafield ind1=" " ind2=" " tag="653">
      <marc:subfield code="a">fotografie</marc:subfield>
   </marc:datafield>
   <marc:datafield ind1=" " ind2=" " tag="653">
      <marc:subfield code="a">expressionismus</marc:subfield>
   </marc:datafield>
   <marc:datafield ind1=" " ind2=" " tag="653">
      <marc:subfield code="a">blauer reiter</marc:subfield>
   </marc:datafield>
   <marc:datafield ind1="0" ind2="0" tag="245">
      <marc:subfield code="a">Münter &amp; Kandinsky</marc:subfield>
   </marc:datafield>
   <marc:datafield ind1="0" ind2="0" tag="245">
      <marc:subfield code="b">von der Macht der Farben und einer fatalen Liebe</marc:subfield>
   </marc:datafield>
   <marc:datafield ind1="0" ind2="0" tag="245">
      <marc:subfield code="c">Brauner, Alice</marc:subfield>
   </marc:datafield>
   <marc:datafield ind1=" " ind2="1" tag="264">
      <marc:subfield code="a">München</marc:subfield>
      <marc:subfield code="b">Penguin Verlag</marc:subfield>
   </marc:datafield>
   <marc:datafield ind1=" " ind2=" " tag="250">
      <marc:subfield code="a">1. Auflage</marc:subfield>
   </marc:datafield>
   <marc:datafield ind1="1" ind2=" " tag="520">
      <marc:subfield code="a">»Wie du mich glücklich machen kannst. Und wie du mich quälen kannst.« Wassily Kandinsky in einem Brief an Gabriele Münter&#xD;
Das Buch zum großen Kinoereignis im Oktober 2024 über die leidenschaftliche und zugleich fatale Beziehung des Künstlerpaares&#xD;
&#xD;
Zu Beginn des 20. Jahrhunderts lebt und malt die gebürtige Berlinerin Gabriele Münter gemeinsam mit ihrer großen Liebe, dem Russen Wassily Kandinsky, im bayerischen Murnau am Staffelsee. Die Provinz wird zum Ausgangspunkt eines künstlerischen Aufbruchs in die Moderne, der Malerei und Kunstverständnis revolutioniert und die Künstlerbewegung Der Blaue Reiter hervorbringt.&#xD;
Atmosphärisch dicht zeichnen Alice Brauner und Heike Gronemeier die Lebens- und Liebesgeschichte von Münter und Kandinsky nach: Die junge Malschülerin, die sich in den elf Jahre älteren Lehrer verliebt. Ihr gemeinsames Leben auf Reisen und im Blauen Land, das zu der Inspirationsquelle ihrer Malerei wird und sie – gemeinsam mit Werefkin, Jawlensky, Marc und Macke – zu Pionieren ihrer Zeit macht. Ihre künstlerisch produktive, aber privat eher fatale Verbindung, die Münter zeitweise in Depression und Schaffenskrise stürzt, ehe sie sich aus dem Schatten ihres Mentors und Geliebten zu befreien vermag. &#xD;
Dabei gelingt es den Autorinnen nicht nur, die Leser*innen am Rausch der 1914 jäh endenden Aufbruchstimmung teilhaben zu lassen, sondern auch die Beziehung der beiden Künstler in ein neues Licht zu setzen: Der eine konnte nur das werden, was er war, durch den anderen. Denn so wenig, wie sich Leben und Kunst Gabriele Münters ohne Wassily Kandinsky darstellen lassen, so wenig ist seine Geschichte und auch die der neuen Künstlerbewegungen ohne sie denkbar. Mit zahlreichen SW-Fotografien und einem Farbbildteil.&#xD;
&#xD;
Ausstattung: mit vielen Abbildungen</marc:subfield>
   </marc:datafield>
   <marc:datafield ind1=" " ind2=" " tag="020">
      <marc:subfield code="a">9783328603702</marc:subfield>
      <marc:subfield code="9">9783328603702</marc:subfield>
   </marc:datafield>
   <marc:datafield ind1=" " ind2=" " tag="020">
      <marc:subfield code="a">3328603700</marc:subfield>
      <marc:subfield code="9">3328603700</marc:subfield>
   </marc:datafield>
   <marc:datafield ind1=" " ind2=" " tag="041">
      <marc:subfield code="a">ger</marc:subfield>
   </marc:datafield>
   <marc:datafield ind1=" " ind2=" " tag="300">
      <marc:subfield code="b">Illustrationen</marc:subfield>
   </marc:datafield>
   <marc:datafield ind1=" " ind2=" " tag="338">
      <marc:subfield code="a">Band</marc:subfield>
   </marc:datafield>
   <marc:datafield ind1=" " ind2=" " tag="300">
      <marc:subfield code="a">336 Seiten, 8 ungezählte Seiten Bildtafeln</marc:subfield>
   </marc:datafield>
</marc:record>
